Turbulentné časy lietajúceho auta

Štátny stimul na výskum a vývoj pre AeroMobil. Štátna dotácia terčom kritiky a súčasťou politického boja. Prvý súkromný investor. Plán na vybudovanie vlastného technologického centra. Spolupráca so Žilinskou univerzitou. Pozitívne PR a impulz pre vedu. Spolupráca s automotive priemyslom.

Gespeichert in:
Bibliographische Detailangaben
1. Verfasser: Kvašňák, Lukáš
Format: Buchkapitel
Sprache:Slowakisch
Schlagworte:
Tags: Tag hinzufügen
Keine Tags, Fügen Sie das erste Tag hinzu!

MARC

LEADER 00000naa a2200000 4500
001 0205731
005 20231113103243.7
041 0 |a slo 
044 |a SK 
245 1 0 |a Turbulentné časy lietajúceho auta  |c Lukáš Kvašňák 
520 |a Štátny stimul na výskum a vývoj pre AeroMobil. Štátna dotácia terčom kritiky a súčasťou politického boja. Prvý súkromný investor. Plán na vybudovanie vlastného technologického centra. Spolupráca so Žilinskou univerzitou. Pozitívne PR a impulz pre vedu. Spolupráca s automotive priemyslom. 
610 2 0 |a automobily 
610 2 0 |a výskum 
610 2 0 |a vývoj 
610 2 0 |a investície 
610 2 0 |a stimuly 
610 2 0 |a pomoc štátna 
610 2 0 |a Slovensko 
100 1 |a Kvašňák, Lukáš